| 000 | 01422cam a2200241 4500 | ||
|---|---|---|---|
| 001 | L136552 | ||
| 008 | 070207n2007 000 0 eng u | ||
| 035 | _a(Sirsi) u136552 | ||
| 041 | 0 | _aeng | |
| 050 | 0 | 4 | _a711.4 $2 18 |
| 110 | 1 |
_aUnited Kingdom _bDepartment for Communities and Local Government _94939 |
|
| 245 | 0 | 0 |
_aPlanning together _blocal strategic partnerships and spatial planning _h[electronic resource] |
| 260 |
_aLondon _bDCLG _c2007 |
||
| 505 | 2 | _aLocal Strategic Partnerships and spatial planning -- Integrating the Local Development Framework and Sustainable Community Strategy -- Improving collaboration -- Sources of useful information. | |
| 520 | _aAims to improve collaboration between planners and those involved with Local Strategic Partnerships. Focuses on the strategic leadership role of local authorities in shaping good places, creating sustainable mixed communities and delivering better local services. Explains the importance of the relationship between Sustainable Community Strategies and Local Development Frameworks. | ||
| 590 | _aKA | ||
| 650 | 2 | 4 | _aLOCAL DEVELOPMENT FRAMEWORKS |
| 650 | 2 | 4 | _aLOCAL STRATEGIC PARTNERSHIPS |
| 651 | 4 |
_aEngland _y886- |
|
| 690 | _aENVIRONMENTAL AND LAND CONSULTANCY-SUSTAINABILITY-SUSTAINABLE DEVELOPMENT | ||
| 856 | 4 | 0 |
_uhttps://www.communities.gov.uk/index.asp?id=1505906 _zView the guide free of charge at www.communities.gov.uk... |
| 942 | _n0 | ||
| 999 |
_c106426 _d106426 |
||